Random Fast Typing - 6 Letter Words - 20 words - 1 min - Statistiken

Allgemein
  • Dieses Quiz wurde 198 mal gespielt
  • Das Durchschnittsergebnis liegt bei 18 aus 20
Antwortstatistiken
Hint Antwort % Korrekt
Become Become
100%
Belief Belief
100%
Branch Branch
100%
Breath Breath
100%
Decide Decide
100%
Dragon Dragon
100%
Effect Effect
100%
Father Father
100%
Favour Favour
100%
Figure Figure
100%
Income Income
100%
Jungle Jungle
100%
Middle Middle
100%
Nature Nature
100%
Notice Notice
100%
Profit Profit
100%
Result Result
100%
Reveal Reveal
100%
Rocket Rocket
100%
Screen Screen
100%
Window Window
100%
Camera Camera
96%
Desire Desire
96%
Police Police
96%
Return Return
96%
Suffer Suffer
96%
Butter Butter
95%
Chance Chance
95%
Change Change
95%
Energy Energy
95%
Estate Estate
95%
Forest Forest
95%
Option Option
95%
Pillow Pillow
95%
Second Second
95%
Secure Secure
95%
Shadow Shadow
95%
Carpet Carpet
94%
Centre Centre
94%
Danger Danger
94%
Expect Expect
94%
Forget Forget
94%
Health Health
94%
Notice Notice
94%
Object Object
94%
Reason Reason
94%
Remove Remove
94%
Travel Travel
94%
Treaty Treaty
94%
Turtle Turtle
94%
Extend Extend
93%
Sunset Sunset
93%
Engine Engine
92%
Follow Follow
92%
Output Output
92%
Player Player
92%
Potato Potato
92%
Reform Reform
92%
School School
92%
Should Should
92%
Choose Choose
91%
Market Market
91%
Member Member
91%
Mother Mother
91%
Prince Prince
91%
Relate Relate
91%
Action Action
90%
Amount Amount
90%
Animal Animal
90%
Appear Appear
90%
Basket Basket
90%
Create Create
90%
Depend Depend
90%
Escape Escape
90%
Growth Growth
90%
Report Report
90%
Sailor Sailor
90%
Winter Winter
90%
Accept Accept
89%
Assess Assess
89%
Change Change
89%
Church Church
89%
Driver Driver
89%
Flower Flower
89%
Guitar Guitar
89%
Martin Martin
89%
Orange Orange
89%
Planet Planet
89%
Spirit Spirit
89%
Tomato Tomato
89%
Bottom Bottom
88%
Cheese Cheese
88%
Course Course
88%
Murder Murder
88%
Reduce Reduce
88%
Remain Remain
88%
Report Report
88%
Street Street
88%
Volume Volume
88%
Palace Palace
87%
Series Series
87%
Friend Friend
86%
Injury Injury
86%
Listen Listen
86%
Moment Moment
86%
Pepper Pepper
86%
Result Result
86%
Silver Silver
86%
Family Family
85%
Manner Manner
85%
Record Record
85%
Crisis Crisis
84%
Person Person
84%
Spring Spring
84%
Bubble Bubble
83%
Labour Labour
83%
Policy Policy
83%
System System
83%
Threat Threat
83%
Castle Castle
82%
Flight Flight
82%
Happen Happen
82%
Period Period
82%
Prefer Prefer
82%
Scheme Scheme
82%
Arrive Arrive
81%
Attend Attend
80%
Future Future
80%
Letter Letter
80%
Repeat Repeat
80%
Office Office
79%
Ensure Ensure
77%
Finish Finish
75%
Supply Supply
75%
Theroy Theory
59%
Keine übereinstimmenden Quizze gefunden
Verteilung der Resultate
Anzahl Personen mit jedem Resultat
Perzentil nach korrekt beantworteten Fragen
Ihre Resultats-Entwicklung
Sie haben dieses Quiz noch nicht gespielt